| 000 | 00836nam a2200265 a 4500 | ||
|---|---|---|---|
| 008 | |||
| 020 | _a0136265650 (pbk.) | ||
| 049 | _aMAIN | ||
| 090 | 0 | 1 | _aQA297 MAT |
| 100 | 1 | _aMathews, John H. | |
| 245 | 1 | 0 |
_aNumerical methods for computer science, engineering, and mathematics / _cJohn H. Mathews. |
| 250 | _aPrentice-Hall International ed. | ||
| 260 |
_aEnglewood Cliffs, N.J. : _bPrentice-Hall, _cc1987. |
||
| 300 |
_axiii, 507 p. ; _c24 cm. |
||
| 500 | _aIncludes index. | ||
| 504 | _aIncludes bibliographical references. | ||
| 650 | 0 | _aNumerical analysis. | |
| 650 | 0 |
_aComputer science _xMathematics. |
|
| 650 | 0 | _aEngineering mathematics. | |
| 907 |
_a.b1009023x _b23-04-08 _c02-10-03 |
||
| 003 | |||
| 005 | 20230123133437.0 | ||
| 040 | _cNUST | ||
| 942 |
_cBOOKS _kQA297 MAT |
||
| 999 |
_c148680 _d148680 |
||